Manual of Nursing Arts and Procedures (Record no. 8253)

MARC details
000 -LEADER
fixed length control field 01630nam a2200169 4500
020 ## - INTERNATIONAL STANDARD BOOK NUMBER
ISBN 9788125918769
050 ## - CALL NUMBER
Classification number RT40
Item number .R14
100 ## - AUTHOR
Personal name Ram, Lily Pritam Telu
245 ## - TITLE
Title Manual of Nursing Arts and Procedures
Statement of responsibility, etc Lily Pritam Telu Ram
250 ## - EDITION
Edition statement 4th
260 ## - PUBLICATION INFORMATION
Place of publication Noida, New Delhi
Name of publisher Vikas Publishing House Pvt Ltd
Year of publication 2006
300 ## - DESCRIPTION
Number of Pages 304pp
440 ## - SERIES
SERIES Vikas
505 ## - FORMATTED CONTENTS NOTE
Table of Content 1. Historical background of nursing<br/>2. Introduction to professional nursing<br/>3. Principles and practice of professional nursing<br/>4. Health and environment<br/>5. Environmental condition in hospitals<br/>6. Introducing patiients to the hospital environment<br/>7. Removal of stains<br/>8. Bed making<br/>9. General care andcomfort of patients<br/>10. Temperature, pulse, respiration and blood pressure<br/>11. Charting, recording and reporting<br/>12. Admission, position, physical examination and discharge<br/>13. Laboratory exaination and collection of specimens<br/>14. Enemata and suppositories<br/>15. Hand washing perineal care and douching<br/>16. Special procedures<br/>17. Cold and hot applications<br/>18. Gastric lavagea and gavage<br/>19. Pre and post operative care emergencies and intensive care unit.<br/>20. FIrst aid in case of poisoning<br/>21. Feeding the sick<br/>22. Catheterization<br/>23. Oral medications, injections, and transfusion of blood and other solutions <br/>24. Prevention and control of infection<br/>25. Sterilization of hospital articles<br/>26. Bandages binders and dressings<br/>27. Orthopeadic apparatus<br/>28. Cleaning and sterilization of feeding bottles<br/>29. Ward rays<br/>30. Red cross (Geneva cross)
650 ## - SUBJECTS
Topical Term Nursing education;
General subdivision procedures and techniques
942 ## - ADDED ENTRY ELEMENTS (KOHA)
Koha item type Books

No items available.

Copyright © 2026  MUG Library